Groups of Things - US History #4 - Statistics

General Stats
  • This quiz has been taken 164 times
    157 since last reset
  • The average score is 16 of 30
Answer Stats
Hint Answer % Correct
Mount Rushmore George Washington
98%
Biggest cities in 1900 New York City
96%
Mount Rushmore Abraham Lincoln
92%
Oldest National Parks Yellowstone
90%
Mount Rushmore Theodore Roosevelt
88%
Mount Rushmore Thomas Jefferson
87%
Biggest cities in 1900 Boston
85%
Biggest cities in 1900 Philadelphia
83%
Oldest National Parks Yosemite
79%
States created from existing states West Virginia
78%
Biggest cities in 1900 Chicago
76%
Original cabinet positions Secretary of War
73%
Original cabinet positions Secretary of State
72%
NASA Space Shuttles Challenger
68%
Original cabinet positions Secretary of the Treasury
59%
States created from existing states Maine
45%
NASA Space Shuttles Columbia
41%
FDR's "Four Freedoms" Freedom of speech
41%
Biggest cities in 1900 St. Louis
39%
NASA Space Shuttles Discovery
35%
Original cabinet positions Attorney General
32%
FDR's "Four Freedoms" Freedom of worship
32%
NASA Space Shuttles Atlantis
27%
States created from existing states Kentucky
22%
NASA Space Shuttles Endeavour
21%
FDR's "Four Freedoms" Freedom from fear
18%
FDR's "Four Freedoms" Freedom from want
15%
Oldest National Parks Sequoia
13%
Oldest National Parks Mount Rainier
9%
Oldest National Parks Crater Lake
7%
No matching quizzes found
Score Distribution
Percent of People with Each Score
Percentile by Number Answered
Your Score History
You have not taken this quiz since the last reset